Former country flags - Statistics

General Stats
  • This quiz has been taken 28 times
  • The average score is 8 of 16
Answer Stats
Picture Answer % Correct
Wales
94%
Holy Roman Empire
81%
Siam
75%
Tibet
75%
Zaire
75%
Prussia
69%
Gran Colombia
56%
Rhodesia
50%
Venice
50%
Orange Free State
38%
Tanganyika
38%
Free City of Danzig
31%
Federal Republic of Central America
19%
Formosa
19%
Los Altos
13%
Mali Federation
6%
No matching quizzes found
Score Distribution
Percent of People with Each Score
Percentile by Number Answered
Your Score History
You have not taken this quiz